000 00496nam a22001697a 4500
005 20251108171112.0
008 250721s1983 xx 000 0 ara d
082 1 4 _a214.2/جزا
100 1 _aالشمري، جزاع
245 1 0 _aعلامات الساعة في القرآن و السنة /
264 1 _aالكويت :
_bدار البحوث العلمية،
_c1983.
300 _a82ص
650 1 7 _aالإسلام
650 1 7 _aاليوم الآخر
942 _2ddc
_cBK
999 _c56650
_d56650